Представление документа в формате MARC21

Поле Инд. ПП Название Значение
Тип записи a
Библиографический уровень b
001 Контрольный номер UNIDUBNA5446b3a3635148beacef513c133071ca
005 Дата корректировки 20250904170650.6
008 Кодируемые данные 20170331
040 b Код языка каталог. rus
e Правила каталог. PSBO
041 0_ a Код языка текста rus
084 a Индекс другой классификации/Индекс ББК 60.991.3
100 1_ a Автор Лабунская В. И.
q Полное имя Лабунская Валентина Ивановна
100 1_ a Автор Халикова Е. С.
q Полное имя Халикова Екатерина Сергеевна
245 10 a Заглавие Технология работы с трудными подростками в свете социально-педагогического подхода
504 a Библиография Лит. в конце статьи
520 0_ a Аннотация Анализируется социально-педагогический подход в социальной работе с несовершеннолетними трудными подростками. Социально-педагогический подход обеспечивает многообразин форм и методов досуговой, просветительской, духовно-нравственной воспитательной работы по профилактике девиантного поведения трудных подростков.
650 14 a Основная рубрика социальная работа
653 0_ a Ключевые слова девиантное поведение
a Ключевые слова детская психология
a Ключевые слова деятельностный подход
a Ключевые слова досуг
a Ключевые слова духовно-нравственное воспитание
a Ключевые слова когнитивный подход
a Ключевые слова комплексный подход
a Ключевые слова конфликтное поведение
a Ключевые слова молодежь
a Ключевые слова несовершеннолетние
a Ключевые слова общеобразовательная школа
a Ключевые слова отклоняющееся поведение
a Ключевые слова подростки
a Ключевые слова просветительская работа
a Ключевые слова профилактика девиантного поведения
a Ключевые слова психосоциальная работа
a Ключевые слова Россия
a Ключевые слова социальная педагогика
a Ключевые слова социальная поддержка
a Ключевые слова социальная психология
a Ключевые слова социальное здоровье
a Ключевые слова социально-педагогический подход
a Ключевые слова социально-психологическая поддержка
a Ключевые слова старшеклассники
a Ключевые слова трудная жизненная ситуация
a Ключевые слова трудные подростки
a Ключевые слова школьники
773 08 t Заглавие источника Отечественный журнал социальной работы
d Дата издания источника 2023
g Прочая информация № 4. - С. 147 - 152
w Контрольный № источника UNIDUBNA8519d4f2c1714d859c3e1f0162350cf7
901 t Тип документа b